Climatology / (Record no. 144136)

MARC details
000 -LEADER
fixed length control field 00559nam a22001817a 4500
010 ## - LCCN (DPL NO)
LC control number ENG-119980
020 ## - INTERNATIONAL STANDARD BOOK NUMBER
International Standard Book Number 9788182203471
Terms of availability 950.00
035 ## - SYSTEM CONTROL NUMBER
System control number EN-103512
037 ## - SOURCE OF ACQUISITION
Source of stock number/acquisition DBAD/PUB
082 ## - DEWEY DECIMAL CLASSIFICATION NUMBER
Classification number 551.6
100 ## - MAIN ENTRY--PERSONAL NAME
Personal name Malhotra, Ravi
245 ## - TITLE STATEMENT
Title Climatology /
Statement of responsibility, etc by Ravi Malhotra
260 ## - PUBLICATION, DISTRIBUTION, ETC. (IMPRINT)
Place of publication, distribution, etc New Delhi
Name of publisher, distributor, etc Global Vision Publishing House
Date of publication, distribution, etc 2010
270 ## - ADDRESS
Address 20, Ansari Road, Daryaganj,
City Delhi
Postal code 110002
300 ## - PHYSICAL DESCRIPTION
Extent x.457p. :
Dimensions 22cm(hb).
Other physical details ill.
500 ## - GENERAL NOTE
General note Includes bibliographical reference and index
942 ## - ADDED ENTRY ELEMENTS (KOHA)
Source of classification or shelving scheme Dewey Decimal Classification
Item type English Books
Classification part 551.6
Call number suffix MAL
Holdings
Withdrawn status Lost status Not for loan Collection code Home library Current library Date acquired Source of acquisition Cost, normal purchase price Full call number Barcode Copy number Cost, replacement price Koha item type
      Non-fiction Sarojini Nagar Sarojini Nagar 07/09/2017 DBAD/PUB 950.00 551.6 MAL EN-103512 1 950.00 English Books

© Delhi Public Library
Hit Counter
free hit counter